Insights from men of faith. (Record no. 14148)

000 -LEADER
fixed length control field 00716nam a2200241 a 4500
001 - CONTROL NUMBER
control field :::00011972$&:&@@
003 - CONTROL NUMBER IDENTIFIER
control field OkBaRHE
005 - DATE AND TIME OF LATEST TRANSACTION
control field 20000607103414.0
008 - FIXED-LENGTH DATA ELEMENTS--GENERAL INFORMATION
fixed length control field s1987 j 000 0 eng u
040 ## - CATALOGING SOURCE
Transcribing agency
100 1# - MAIN ENTRY--PERSONAL NAME
Personal name Wagner, Philip.
245 10 - TITLE STATEMENT
Title Insights from men of faith.
260 ## - PUBLICATION, DISTRIBUTION, ETC. (IMPRINT)
Place of publication, distribution, etc Beverly Hills, CA., :
Name of publisher, distributor, etc Oasis Pub.
Date of publication, distribution, etc c1987
300 ## - PHYSICAL DESCRIPTION
Extent 104 p. ;
Dimensions 21 cm.
650 ## - SUBJECT ADDED ENTRY--TOPICAL TERM
Topical term or geographic name as entry element Capps, Charles.
650 ## - SUBJECT ADDED ENTRY--TOPICAL TERM
Topical term or geographic name as entry element Copeland, Kenneth.
650 ## - SUBJECT ADDED ENTRY--TOPICAL TERM
Topical term or geographic name as entry element Osborn, T. L. (Tommy Lee), 1923-
650 ## - SUBJECT ADDED ENTRY--TOPICAL TERM
Topical term or geographic name as entry element Osteen, John.
650 ## - SUBJECT ADDED ENTRY--TOPICAL TERM
Topical term or geographic name as entry element Pentecostals
650 ## - SUBJECT ADDED ENTRY--TOPICAL TERM
Topical term or geographic name as entry element Sumrall, Lester, 1913-
942 ## - ADDED ENTRY ELEMENTS (KOHA)
Source of classification or shelving scheme
Koha item type Books
Copies
Permanent Location Total Renewals Copy number Barcode Lost status Date last seen Damaged status Koha item type Current Location Price effective from Full call number Date acquired Date checked out Not for loan Total Checkouts Shelving location Withdrawn status Source of classification or shelving scheme
RHEMA Bible Training College1111972 2012-05-04 BooksRHEMA Bible Training College2010-04-14BX 8762 .Z8W32010-04-142012-03-02 2General Stacks